00648nam a2200157 a 450000100100000000500170001000800410002704000250006808200150009310000350010824501320014326000550027530000300033095201130036099900170047300003718520200930080208.0120224s1973 ve c 000 0 spa d aDO-SdBNPbspacBNPHU axxxbH565h1 aHerrera Luque, Francisco9551413aLa huella perenne :bLas enfermedades nmentales en mil doscientos años de patografia y sucesión /cFrancisco Herrera Luque. aCaracas, Venezuela :bMonte Avila Editores,c1973. a458 p. :bretr. ;c23 cm. 001050718MOaGRbGRcCTd2012-02-24iLF1l0oxxx H565hp37185-10r2020-06-25w2020-06-25y1ZNo se presta c36675d36675